| 000 | 00546cam a2200193 4500 | ||
|---|---|---|---|
| 001 | BFIL006559 | ||
| 008 | 1958 a spa | ||
| 035 | _aBFIL006559 | ||
| 050 | 4 |
_aPQ6144 _bA42 1958 |
|
| 100 | 1 | _aAlborg, Juan Luis | |
| 245 | 0 |
_aHora actual de la novela espaƱola / _cJuan Luis Alborg. |
|
| 260 |
_aMadrid : _bTaurus, _c1958 |
||
| 300 |
_a333 p. ; _c20 cm. |
||
| 440 | 0 | _aPersiles ; 6 | |
| 500 | _a1 ejemplar | ||
| 504 | _aIncluye indice | ||
| 650 | 4 |
_aovela EspaƱola _xSiglo XX _xHistoria y critica |
|
| 942 |
_2lcc _cLIB |
||
| 999 |
_c126045 _d126045 |
||